00421nam a2200121Ia 4500008004100000245011900041260002400160260000900184300000700193650002300200650001200223856006400235170516s9999 xx 000 0 und d aManganese orchestrates a metabolic shift leading to the increased bioconversion of glycerol into α-ketoglutarate. bAIMS Bioengineering c2017 a:1 xMedical Technology xMedtech uhttp://www.aimspress.com/journal/Bioengineering/2017/1.html